000 00262nam a2200097Ia 4500
001 684971
005 20250826161508.0
008 250824s9999 xx 000 0 und d
245 0 _aİÇİMDE KIZIL BİR GÜL GİBİ/A.KULİN/EVEREST
_cAYŞE KULİN
260 _bEVEREST
999 _c684971
_d684971